| 000 | 00548nam a2200181 i 4500 | ||
|---|---|---|---|
| 001 | 104336 | ||
| 003 | ES-MaACL | ||
| 005 | 20230906183555.0 | ||
| 007 | t| | ||
| 008 | 051128s1956 sp ||||1| spa d | ||
| 130 | 4 |
_aLas mil y una noches. _lEspañol. _9122464 |
|
| 245 | 1 | 4 |
_aLas mil y una noches / _ccuentos ilustrados por José Segrelles. |
| 250 | _a[1ª ed.]. | ||
| 260 |
_aBarcelona : _bSalvat, _c1956. |
||
| 300 |
_aXXIII, 270 p., 30 lám. col. ; _c29 cm. |
||
| 700 | 1 |
_aSegrelles, José. _9105167 |
|
| 852 |
_aES-MaACL _jC-13651 _bR.41088 |
||
| 999 |
_c104336 _d104336 |
||